Should subsidized private transfers replace government social insurance?

Na minha lista:
Detalhes bibliográficos
Autor principal: Chami, Ralph
Outros Autores: Fullenkamp, Connel
Formato: Livro
Idioma:inglês
Publicado em: Washington International Monetary Fund 2000
Colecção:IMF Working Paper WP/00/150
Assuntos:
Tags: Adicionar Tag
Sem tags, seja o primeiro a adicionar uma tag!

MARC

LEADER 00000nam a2200000 4500
001 c124397
005 20221221083603.0
041 0 |a eng 
044 |a US 
245 1 0 |a Should subsidized private transfers replace government social insurance?  |c Ralph Chami and Connel Fullenkamp 
264 1 |a Washington  |b International Monetary Fund  |c 2000 
300 |a 25 s. 
490 1 |a IMF Working Paper  |v WP/00/150 
830 0 |a IMF Working Paper  |v WP/00/150 
610 2 0 |a altruizmus 
610 2 0 |a informácie asymetrické 
610 2 0 |a poistenie sociálne 
610 2 0 |a organizácie nevládne 
100 1 |a Chami, Ralph 
700 1 |a Fullenkamp, Connel